00834 2200325 4500001002100000005001500021035002000036007000300056008004100059040001700100100002100117245005700138250001500195300003700210041000800247082001000255084001600265090002200281260003800303650001300341850001000354020001800364990001800382990001800400990001800418990001800436990001800454990001800472990001800490INLIS00000000000365220260528111205 a0010-0721000007ta260528 0  aSBPUPADbInd0 aBenyamin Lakitan1 aDasar - Dasar Fisiologi Tumbuhan /cBenyamin Lakitan aEd.--1--11 axvi, 206 hlm. :billus. ;c21 cm07aInd a581.9 a581.9 BEN d a581.7 SUW m L17-4 a--Jakarta :bRaja Grafindo,c2012 4aTumbuhan aPUPAD a979-421-337-2 a14461/BR-2014 a14458/BR-2014 a14459/BR-2014 a14460/BR-2014 a18632/BR-2014 a18630/BR-2014 a18629/BR-2014